Szczegóły MARC
| 000 -Nagłówek |
| fixed length control field |
02540cam a2200661 i 4500 |
| 001 - Nr kontrolny bibl., która utworzyła rek. |
| control field |
xx004688731 |
| 003 - Siglum bibl., której nr kontr. jest w 001 |
| control field |
NUKAT |
| 005 - Data i czas ostatniej operacji |
| control field |
20260331142822.0 |
| 008 - Elementy pola stałej długości |
| fixed length control field |
190828s2019 pl a |001 0dpol c |
| 020 ## - ISBN |
| ISBN |
9788394129422 |
| dopowiedzenie |
(oprawa twarda) |
| 035 ## - Systemowy numer kontrolny |
| systemowy numer kontrolny |
(OCoLC)1121425124 |
| 035 ## - Systemowy numer kontrolny |
| systemowy numer kontrolny |
(NUKAT)xx004688731 |
| 040 ## - Instytucja sporządzająca opis |
| Instytucja, która sporządziła opis |
WA U/JK |
| język katalgowania-trzyzn. kod |
pol |
| zasady opisu |
rda |
| Instytucja, która sporządziła rekord |
WA U/JKs |
| Instytucja, która zmodyfikowała rekord |
WA U/EBA |
| -- |
POZN U/DWs |
| -- |
OLSZT 008/bak |
| 045 2# - Okres czasu dla zawartości |
| czas między r. 9999 pne a nasz. czas. |
d1243 |
| -- |
d2019 |
| 046 ## - Kod rodz. daty, data1, data2 (daty pne) |
| Begin/single date |
2014 |
| End date |
2019 |
| 100 1# - Hasło główne-nazwa osobowa |
| Nazwa osobowa |
Bażanowski, Rudolf |
| Daty biograficzne |
(1953- ). |
| rodzaj współpracy |
Autor |
| 9 (RLIN) |
39321 |
| 245 10 - Tytuł właściwy i oznaczenie odpow. |
| tytuł |
Kościoły i parafie Diecezji Mazurskiej przeszłość i teraźniejszość : |
| dodatek do tytułu |
historia kościołów i parafii ewangelickich w zarysie ze szczególnym uwzględnieniem ich losów po 1945 roku. |
| numer części/sekcji pracy |
T. 1 / |
| dod. inf. ze s. tyt./ozn. odpow. |
Rudolf Bażanowski. |
| 260 ## - Adres wydawniczy |
| miejsce wydania, dystrybucji itp. |
Olsztyn : |
| nazwa wydawcy, dystrybutora itp. |
Mazurskie Towarzystwo Ewangelickie, |
| data wydania, dystrybucji itp. |
2019. |
| 300 ## - Opis fizyczny |
| objętość i/lub forma materiału |
416 stron : |
| inne szczegóły opisu fizycznego |
ilustracje kolorowe ; |
| format |
24 cm. |
| 336 ## - Content Type |
| Term |
Tekst |
| Code |
txt |
| Source |
rdacontent |
| 337 ## - Media Type |
| Term |
Bez urządzenia pośredniczącego |
| Code |
n |
| Source |
rdamedia |
| 338 ## - Carrier Type |
| Term |
Wolumin |
| Code |
nc |
| Source |
rdacarrier |
| 380 ## - Form of work |
| Form of work |
Książki |
| 380 ## - Form of work |
| Form of work |
Publikacje informacyjne |
| 380 ## - Form of work |
| Form of work |
Publikacje naukowe |
| 388 1# - TIME PERIOD OF CREATION |
| Time period of creation term |
2001- |
| 500 ## - Uwaga ogólna |
| uwaga ogólna |
Mapy na wyklejkach. |
| 504 ## - Uwaga o bibliografii |
| uwaga o bibliografii |
Indeks. |
| 610 27 - Hasło przedmiotowe-nazwa ciała zbior. |
| nazwa ciała zbior. lub geogr. |
Diecezja Mazurska (Kościół Ewangelicko-Augsburski w RP) |
| źródło hasła |
DBN |
| 9 (RLIN) |
39322 |
| 648 #7 - SUBJECT ADDED ENTRY--CHRONOLOGICAL TERM |
| Chronological term |
1201-1300 |
| Source of heading or term |
DBN |
| 9 (RLIN) |
36031 |
| 648 #7 - SUBJECT ADDED ENTRY--CHRONOLOGICAL TERM |
| Chronological term |
1301-1400 |
| Source of heading or term |
DBN |
| 9 (RLIN) |
35871 |
| 648 #7 - SUBJECT ADDED ENTRY--CHRONOLOGICAL TERM |
| Chronological term |
1401-1500 |
| Source of heading or term |
DBN |
| 9 (RLIN) |
36030 |
| 648 #7 - SUBJECT ADDED ENTRY--CHRONOLOGICAL TERM |
| Chronological term |
1501-1600 |
| Source of heading or term |
DBN |
| 9 (RLIN) |
36032 |
| 648 #7 - SUBJECT ADDED ENTRY--CHRONOLOGICAL TERM |
| Chronological term |
1601-1700 |
| Source of heading or term |
DBN |
| 9 (RLIN) |
36034 |
| 648 #7 - SUBJECT ADDED ENTRY--CHRONOLOGICAL TERM |
| Chronological term |
1701-1800 |
| Source of heading or term |
DBN |
| 9 (RLIN) |
36035 |
| 648 #7 - SUBJECT ADDED ENTRY--CHRONOLOGICAL TERM |
| Chronological term |
1801-1900 |
| Source of heading or term |
DBN |
| 9 (RLIN) |
36037 |
| 648 #7 - SUBJECT ADDED ENTRY--CHRONOLOGICAL TERM |
| Chronological term |
1901-2000 |
| Source of heading or term |
DBN |
| 9 (RLIN) |
34996 |
| 648 #7 - SUBJECT ADDED ENTRY--CHRONOLOGICAL TERM |
| Chronological term |
2001- |
| Source of heading or term |
DBN |
| 9 (RLIN) |
36393 |
| 650 #7 - Hasło przedmiotowe-nazwa pospolita |
| nazwa pospolita lub geogr. |
Architektura niemiecka |
| źródło hasła |
DBN |
| 9 (RLIN) |
35167 |
| 650 #7 - Hasło przedmiotowe-nazwa pospolita |
| nazwa pospolita lub geogr. |
Architektura polska |
| źródło hasła |
DBN |
| 9 (RLIN) |
35168 |
| 650 #7 - Hasło przedmiotowe-nazwa pospolita |
| nazwa pospolita lub geogr. |
Architektura sakralna |
| źródło hasła |
DBN |
| 9 (RLIN) |
35311 |
| 650 #7 - Hasło przedmiotowe-nazwa pospolita |
| nazwa pospolita lub geogr. |
Ewangelicyzm augsburski |
| źródło hasła |
DBN |
| 9 (RLIN) |
35711 |
| 650 #7 - Hasło przedmiotowe-nazwa pospolita |
| nazwa pospolita lub geogr. |
Kościoły i kaplice |
| źródło hasła |
DBN |
| 9 (RLIN) |
36990 |
| 650 #7 - Hasło przedmiotowe-nazwa pospolita |
| nazwa pospolita lub geogr. |
Parafie |
| źródło hasła |
DBN |
| 9 (RLIN) |
35432 |
| 650 #7 - Hasło przedmiotowe-nazwa pospolita |
| nazwa pospolita lub geogr. |
Ewangelicyzm |
| określnik geograficzny |
Polska |
| -- |
Mazury (region) |
| określnik rzeczowy |
historia. |
| źródło hasła |
kaba |
| 9 (RLIN) |
25349 |
| 650 #7 - Hasło przedmiotowe-nazwa pospolita |
| nazwa pospolita lub geogr. |
Kościoły protestanckie |
| określnik geograficzny |
Polska |
| -- |
Mazury (region) |
| określnik rzeczowy |
historia. |
| źródło hasła |
kaba |
| 9 (RLIN) |
39323 |
| 650 #7 - Hasło przedmiotowe-nazwa pospolita |
| nazwa pospolita lub geogr. |
Parafie |
| określnik geograficzny |
Polska |
| -- |
Mazury (region) |
| określnik rzeczowy |
historia. |
| źródło hasła |
kaba |
| 9 (RLIN) |
39324 |
| 651 #7 - Hasło przedmiotowe-nazwa geogr. |
| nazwa geograficzna |
Mazury |
| źródło hasła |
DBN |
| 9 (RLIN) |
35176 |
| 651 #7 - Hasło przedmiotowe-nazwa geogr. |
| nazwa geograficzna |
Prusy Górne |
| źródło hasła |
DBN |
| 9 (RLIN) |
39325 |
| 651 #7 - Hasło przedmiotowe-nazwa geogr. |
| nazwa geograficzna |
Warmia |
| źródło hasła |
DBN |
| 9 (RLIN) |
35166 |
| 655 #7 - Termin określający rodzaj/formę |
| rodzaj/forma |
Encyklopedia polska |
| źródło terminu |
DBN |
| 9 (RLIN) |
39326 |
| 658 ## - Nazwa określająca cel programu nauczania |
| główny cel programu nauczania |
Historia |
| 658 ## - Nazwa określająca cel programu nauczania |
| główny cel programu nauczania |
Kultura i sztuka |
| 658 ## - Nazwa określająca cel programu nauczania |
| główny cel programu nauczania |
Religia i duchowość |
| 710 2# - Hasło dodatkowe - nazwa ciała zbior. |
| nazwa ciała zbior. lub nazwa geogr. |
Mazurskie Towarzystwo Ewangelickie. |
| rodzaj współpracy |
Wydawca |
| kod rodzaju współpracy |
pbl |
| 9 (RLIN) |
25342 |
| 920 ## - ISBN |
| ISBN |
978-83-941294-2-2 (oprawa twarda) |
| 942 ## - ADDED ENTRY ELEMENTS (KOHA) |
| Source of classification or shelving scheme |
Dewey Decimal Classification |
| Koha item type |
pozycje dostępne na miejscu |